<?xml version="1.0" encoding="UTF-8"?>
<collection xmlns:xsi="http://www.w3.org/2001/XMLSchema-instance" xsi:schemaLocation="http://www.loc.gov/MARC21/slim http://www.loc.gov/standards/marcxml/schema/MARC21slim.xsd" xmlns="http://www.loc.gov/MARC21/slim">
 <record>
  <leader>00000cam a22000003i 4500</leader>
  <controlfield tag="001">UP-1685594773862138009</controlfield>
  <controlfield tag="003">Buklod</controlfield>
  <controlfield tag="005">20240215110114.0</controlfield>
  <controlfield tag="006">g||| |     ||   ||</controlfield>
  <controlfield tag="007">ta</controlfield>
  <controlfield tag="008">190206s2016    enk     rb   |||1 u|eng d</controlfield>
  <datafield tag="020" ind1=" " ind2=" ">
   <subfield code="a">9781119072478 (paperback)</subfield>
  </datafield>
  <datafield tag="035" ind1=" " ind2=" ">
   <subfield code="a">(iLib)UPBAG-00032868163</subfield>
  </datafield>
  <datafield tag="037" ind1=" " ind2=" ">
   <subfield code="a">BC-70399</subfield>
   <subfield code="b">Fastbooks Educational Supply, Inc.</subfield>
   <subfield code="c">Php3,493.00</subfield>
   <subfield code="n">DLLA Faculty</subfield>
  </datafield>
  <datafield tag="040" ind1=" " ind2=" ">
   <subfield code="a">OLC</subfield>
   <subfield code="d">BAG</subfield>
   <subfield code="e">rda</subfield>
  </datafield>
  <datafield tag="041" ind1="0" ind2=" ">
   <subfield code="a">eng</subfield>
  </datafield>
  <datafield tag="090" ind1=" " ind2="0">
   <subfield code="a">PR 4688</subfield>
   <subfield code="b">C66 2016</subfield>
  </datafield>
  <datafield tag="245" ind1="0" ind2="2">
   <subfield code="a">A companion to George Eliot</subfield>
   <subfield code="c">edited by Amanda Anderson and Harry E. Shaw.</subfield>
  </datafield>
  <datafield tag="264" ind1=" " ind2="1">
   <subfield code="a">Chichester, West Sussex, [England]</subfield>
   <subfield code="b">John Wiley &amp; Sons, Ltd.</subfield>
   <subfield code="c">2016.</subfield>
  </datafield>
  <datafield tag="264" ind1=" " ind2="4">
   <subfield code="c">©2013.</subfield>
  </datafield>
  <datafield tag="300" ind1=" " ind2=" ">
   <subfield code="a">xiii, 517 pages</subfield>
   <subfield code="c">25 cm</subfield>
  </datafield>
  <datafield tag="336" ind1=" " ind2=" ">
   <subfield code="a">text</subfield>
   <subfield code="2">rdacontent</subfield>
  </datafield>
  <datafield tag="337" ind1=" " ind2=" ">
   <subfield code="a">unmediated</subfield>
   <subfield code="2">rdamedia</subfield>
  </datafield>
  <datafield tag="338" ind1=" " ind2=" ">
   <subfield code="a">volume</subfield>
   <subfield code="2">rdacarrier</subfield>
  </datafield>
  <datafield tag="490" ind1="0" ind2=" ">
   <subfield code="a">Blackwell Companions to Literature and Culture</subfield>
   <subfield code="v">82</subfield>
  </datafield>
  <datafield tag="504" ind1=" " ind2=" ">
   <subfield code="a">Includes bibliographical references and index.</subfield>
  </datafield>
  <datafield tag="505" ind1="0" ind2="0">
   <subfield code="a">Eliot and Narrative / Monika Fludernik -- Metaphor and Masque / Michael Wood -- &quot;It Is of Little Use for Me to Tell You&quot; : George Eliot's Narrative Refusals / Robyn Warhol -- Surprising Realism / Caroline Levine -- Two Flowers : George Eliot's Diagrams and the Modern Novel / John Plotz -- Scenes of Clerical Life and Silas Marner : Moral Fables / Stefanie Markovits -- Adam Bede : History's Maggots / Rae Greiner -- The Mill on the Floss and &quot;The Lifted Veil&quot; : Prediction, Prevention, Protection / Adela Pinch -- Romola : Historical Narration and the Communicative Dynamics of Modernity / David Wayne Thomas -- Felix Holt : Love in the Time of Politics / David Kurnick -- Middlemarch : January in Lowick / Andrew H. Miller -- Daniel Deronda : Late Form, or After Middlemarch / Alex Woloch -- Poetry : The Unappreciated Eliot / Herbert F. Tucker -- Essays : Essay v. Novel (Eliot, Aloof) / Jeff Nunokawa -- Impressions of Theophrastus Such : &quot;Not a Story&quot; / James Buzard -- The Reception of George Eliot / James Eli Adams -- George Eliot Among Her Contemporaries : A Life Apart / Lynn Voskuil -- Feminist George Eliot Comes from the United States / Alison Booth -- Transatlantic Eliot : African American Connections / Daniel Hack -- Sympathy and the Basis of Morality / T.H. Irwin -- George Eliot, Spinoza, and the Emotions / Isobel Armstrong -- George Eliot and the Law / Jan-Melissa Schramm -- George Eliot and Finance / Nancy Henry -- George Eliot and Politics / Carolyn Lesjak -- Imagining Locality and Affiliation : George Eliot's Villages / Josephine McDonagh -- George Eliot's Liberalism / Daniel S. Malachuk -- George Eliot : Gender and Sexuality / Laura Green -- The Cosmopolitan Eliot / Bruce Robbins -- The Continental Eliot / Hina Nazar -- George Eliot and Secularism / Simon During -- Living Theory : Personality and Doctrine in Eliot / Amanda Anderson -- George Eliot and the Sciences of Mind : The Silence that Lies on the Other Side of Roar / Jill L. Matus -- George Eliot and the Science of the Human / Ian Duncan -- Eliot, Evolution, and Aesthetics / Jonathan Loesberg.</subfield>
  </datafield>
  <datafield tag="600" ind1="1" ind2="0">
   <subfield code="a">Eliot, George</subfield>
   <subfield code="d">1819-1880</subfield>
   <subfield code="x">Criticism and interpretation.</subfield>
  </datafield>
  <datafield tag="700" ind1="1" ind2=" ">
   <subfield code="a">Anderson, Amanda</subfield>
   <subfield code="d">1960-</subfield>
   <subfield code="e">editor.</subfield>
  </datafield>
  <datafield tag="700" ind1="1" ind2=" ">
   <subfield code="a">Shaw, Harry E.</subfield>
   <subfield code="d">1946-</subfield>
   <subfield code="e">editor.</subfield>
  </datafield>
  <datafield tag="905" ind1=" " ind2=" ">
   <subfield code="a">FO</subfield>
  </datafield>
  <datafield tag="852" ind1="0" ind2=" ">
   <subfield code="a">UPBAG</subfield>
   <subfield code="b">UPBAG-MAIN</subfield>
   <subfield code="h">PR 4688 C66 2016</subfield>
  </datafield>
  <datafield tag="942" ind1=" " ind2=" ">
   <subfield code="a">Book</subfield>
  </datafield>
 </record>
</collection>
